| 000 | 00510nam a22001810 4500 | ||
|---|---|---|---|
| 003 | PILC | ||
| 005 | 20150824101330.0 | ||
| 008 | 991018s1963 eng | ||
| 050 | 0 | 0 |
_aHQ 33 _b.F76 1962 |
| 100 | 1 |
_aFromm, Erich, _d1900- |
|
| 245 | 1 | 4 |
_aThe art of loving / _cby Erich Fromm. |
| 260 |
_aNew York : _bHarper & Row, _c1956. |
||
| 300 |
_aviii, 146 pages ; _c18 cm. |
||
| 490 | 0 |
_aWorld perspective series ; _vv. 9. |
|
| 490 | 0 | _aHarper colophon books. | |
| 650 | 0 | _aLove. | |
| 942 |
_2lcc _cBK _kFOR |
||
| 999 |
_c288443 _d288443 |
||